000 01276cam a22003495a 4500
001 17457567
005 20150812134236.0
008 120910t2013 gw a frb 101 0 eng d
020 _a9783642322945 (alk. paper)
020 _a3642322948 (alk. paper)
020 _a9783642322952 (ebk.)
040 _aIND
_cIND
_dDLC
_dEG-ScBUE
_beng
050 0 0 _aTA401.3
_b.D47 2013
082 0 4 _222
_a620.11
_bDES
245 0 0 _aDesign and analysis of materials and engineering structures /
_ceditors Andreas Ochsner, Lucas F. M. da Silva, Holm Altenbach.
260 _aHeidelberg :
_bSpringer,
_cc.2013.
300 _aviii, 178 p. :
_bill. ;
_c24 cm.
490 1 _aAdvanced structured materials,
_x1869-8433 ;
_vv. 32
500 _aIndex : p. 177-178.
504 _aBibliography : p. 176.
650 0 _aMaterials
_vCongresses.
_2BUEsh
_96517
650 0 _aMaterials
_xAnalysis
_vCongresses.
_2BUEsh
650 0 _aStructural engineering
_vCongresses.
_2BUEsh
651 _2BUEsh
653 _bENGGEN
_cJune2015
_cAugust2015
655 _vreading book
_934232
700 1 _aOchsner, Andreas,
_eeditor.
700 1 _aSilva, Lucas Filipe Martins da,
_d1973-
_eeditor.
700 1 _aAltenbach, Holm,
_d1956-
_937915
_eeditor.
830 0 _aAdvanced structured materials ;
_v32.
942 _2ddc
999 _c20001
_d19973